[Event "Moscow Smyslov-D"]
[Site "Moscow"]
[Date "2025.06.04"]
[Round "3"]
[White "Selivanov, Nestor M"]
[Black "Leisle, Vera Den"]
[Result "1-0"]
[WhiteElo "1530"]
[BlackElo "1472"]
[PlyCount "77"]
[EventDate "2025.06.02"]
[EventType "swiss"]
[EventRounds "8"]
[EventCountry "RUS"]
[SourceTitle "CB29_2025"]
[SourceDate "2025.07.16"]
[SourceVersion "1"]
[SourceVersionDate "2025.07.16"]
[SourceQuality "1"]

1. e4 c5 2. Nc3 Nc6 3. f4 g6 4. Nf3 Bg7 5. d3 e6 6. g3 Nge7 7. Bg2 0-0 8. 0-0 d6 9. Re1 e5 10. fxe5 dxe5 11. Be3 b6 12. Qd2 Re8 13. Rf1 Nd4 14. Rf2 Bg4 15. h3 Be6 16. Raf1 Nxf3+ 17. Rxf3 Nc6 18. Bg5 Qd7 19. Kh2 Nd4 20. R3f2 a5 21. Bf6 a4 22. Bg5 b5 23. g4 a3 24. b3 c4 25. dxc4 bxc4 26. Nd5 Bxd5 27. exd5 f5 28. gxf5 Nxf5 29. bxc4 Qd6 30. Be4 Nd4 31. c3 Nf5 32. Qe2 Ne7 33. Be3 Rab8 34. Qd3 Nc8 35. c5 Qd7 36. Qc4 Kh8 37. d6 Qd8 38. Rd1 Qh4 39. d7 1-0

[Event "Moscow Smyslov-D"]
[Site "Moscow"]
[Date "2025.06.03"]
[Round "2"]
[White "Khveschenik, Maksim"]
[Black "Selivanov, Nestor M"]
[Result "1-0"]
[WhiteElo "1591"]
[BlackElo "1530"]
[PlyCount "91"]
[EventDate "2025.06.02"]
[EventType "swiss"]
[EventRounds "8"]
[EventCountry "RUS"]
[SourceTitle "CB29_2025"]
[SourceDate "2025.07.16"]
[SourceVersion "1"]
[SourceVersionDate "2025.07.16"]
[SourceQuality "1"]

1. e4 c5 2. Nf3 d6 3. Bb5+ Bd7 4. Bxd7+ Qxd7 5. 0-0 Nc6 6. c3 Nf6 7. Re1 g6 8. d4 cxd4 9. cxd4 Bg7 10. Nc3 0-0 11. h3 e5 12. Be3 Rfe8 13. d5 Ne7 14. Rc1 Rec8 15. Qb3 Ne8 16. Qb5 Qxb5 17. Nxb5 a6 18. Nc3 b5 19. a4 Rab8 20. a5 h6 21. Nd2 f6 22. Na2 Rxc1 23. Rxc1 Kf7 24. Nb4 Ra8 25. Nb1 f5 26. f3 f4 27. Bf2 Bf6 28. Nc3 g5 29. Nca2 h5 30. Nc6 Nc8 31. Bb6 h4 32. Nab4 Kg6 33. b3 Kg7 34. Bd8 Kg6 35. Bxf6 Kxf6 36. Nd8 Ne7 37. Ne6 Kg6 38. Kf2 Kf6 39. Nc7 Nxc7 40. Rxc7 Rc8 41. Rxc8 Nxc8 42. Nxa6 Na7 43. Ke2 Ke7 44. Nc7 Kf6 45. Kd3 Ke7 46. Kc3 1-0